| 000 | 00758nam a2200229 a 4500 | ||
|---|---|---|---|
| 001 | 41642 | ||
| 003 | BD-RjUL | ||
| 005 | 20211209053427.0 | ||
| 008 | 160604s1952 ii ||||| |||| 00| j ben d | ||
| 020 | _c: Tk. 3.00 | ||
| 035 | _a(BD-RjUL) 41760 | ||
| 040 |
_aBD-RjUL _bben _cBD-RjUL |
||
| 041 | _aben | ||
| 082 |
_223 _a891.443 _bBAM 1952 |
||
| 100 | 1 |
_aবসু, বুদ্ধদেব _9121218 |
|
| 245 | 1 | 0 |
_aমৌলিনাথ / _cবুদ্ধদেব বসু |
| 260 |
_aকলকাতা : _bডি. এম. লাইব্রেরি, _c১৯৫২ |
||
| 300 |
_a[৬], ২০৩ পৃ. ; _c১৮ সেমি. |
||
| 650 |
_aবাংলা উপন্যাস _9127910 |
||
| 650 |
_aBengali Fiction _9127911 |
||
| 942 |
_2ddc _cBK |
||
| 999 |
_c41642 _d41642 |
||